[Event "Quebec-ch U14"]
[Site "Montreal"]
[Date "2011.11.26"]
[Round "2"]
[White "Nikulich, Andrey"]
[Black "Johnson, Nicholas1111"]
[Result "0-1"]
[WhiteElo "1379"]
[BlackElo "1497"]
[PlyCount "88"]
[EventDate "2011.11.25"]
[EventType "swiss"]
[EventRounds "5"]
[EventCountry "CAN"]
[SourceTitle "EXT 2022"]
[Source "ChessBase"]
[SourceDate "2021.10.06"]
[SourceVersion "1"]
[SourceVersionDate "2021.10.06"]
[SourceQuality "1"]

1. e4 e6 2. d4 d5 3. e5 c5 4. c3 Nc6 5. Nf3 Bd7 6. Be3 c4 7. Be2 Qc7 8. Bf4 0-0-0 9. Bg3 Nge7 10. Ng5 Be8 11. Bg4 Qd7 12. 0-0 h6 13. Nf3 g5 14. Nfd2 Nf5 15. Bxf5 exf5 16. f4 g4 17. Bh4 Be7 18. Bxe7 Qxe7 19. b3 cxb3 20. axb3 Qh4 21. Qe1 Qe7 22. Na3 a6 23. Nc2 Bd7 24. Ne3 Be6 25. Qb1 Qd7 26. Rf2 h5 27. h4 gxh3 28. gxh3 Rhg8+ 29. Rg2 Rxg2+ 30. Kxg2 Rg8+ 31. Kh2 f6 32. exf6 Qf7 33. Nf3 Qxf6 34. h4 Bd7 35. Ng5 Qd6 36. Qf1 Re8 37. Qf3 Na7 38. Kg3 Nb5 39. Rc1 Qa3 40. Re1 Qxb3 41. Rc1 Kb8 42. Nd1 Re1 43. Qxh5 Qa2 44. Nf3 Re2 0-1